000
00296nam a2200097Ia 4500
008
220204s9999 xx 000 0 und d
082
_a
297.18
_b
QUR
245
4
_a
The Quran: The Eternal revelation vouchsafed to Muhammad the Seal of the prophets
260
_a
Oxford
_b
Curzon Press
_c
1979
942
_c
BK
999
_c
33752
_d
33752